LEADER 01374nam a2200337 a 4500 001 000000134769 003 CaOOAMICUS 005 20130702150117.0 008 130702s1998 it u000 u ita r 020 $a88-06-14770-6 040 $aPUL$bita 041 1 $aita$heng 082 04$a270.6 100 1 $aBossy, John.$0(OLS)http://pul/name/86834 245 10$aDalla comunità all'individuo :$bper una storia sociale dei sacramenti nell'Europa moderna /$cJohn Bossy. 260 $aTorino :$bEinaudi,$c©1998. 300 $aXVII, 198 p. ;$c21 cm 490 1 $aBiblioteca Einaudi ;$v28 500 $aInclude indice. 504 $aBibliografia in nota. 650 4$aControriforma.$0(OLS)http://pul/subject/3420 650 4$aSacramenti$xStoria.$0(OLS)http://pul/subject/1697 830 0$aBiblioteca Einaudi ;$v28.$0(OLS)http://pul/title/60318 850 $aPUL 852 $aPUL$W1$xSL Religione 3$y85$m270. 6 BOSJO 1$j155005$qDDC 21$B154558$CPULBib$Z2$F154558 $H122638 $82 941 1 $a9 996 $6020$a88-06-14770-6$9(OLS)http://pul/number/153209 996 $6082$a270.6$9(OLS)http://pul/classification/130 996 $6245$aDalla comunità all'individuo :$bper una storia sociale dei sacramenti nell'Europa moderna$9(OLS)http://pul/title/170426 996 $6260$aTorino :$bEinaudi$9(OLS)http://pul/publisher/48130 LEADER 02297nam a2200433 a 4500 001 000000176250 003 CaOOAMICUS 005 20231025105018.0 008 231025m20192022vc o u000 u ita r 020 $a978-88-266-0330-8*(1. v) 020 $a978-88-266-0767-2*(3.v.) 020 $a978-88-266-0519-7*(2.v.) 032 $aLibriCat 040 $aPUL$bita 082 04$a268 100 1 $aMariconti, Gian Franco,$csac.,$d1955-$0(OLS)http://pul/name/113214 245 13$aIl credo nel mondo di oggi / $cGian Franco Mariconti. 260 $aCittà del Vaticano :$bLibreria editrice vaticana,$c©2019-2022. 300 $a3 voll. : $bfotogr. ;$c24 cm 505 0 $aDio Padre Creatore. 2019. -- 2: Gesù è il Signore, il figlio di Dio, il Salvatore. 2020 -- 3: Lo Spirito e la Chiesa. 2022. 650 4$aCatechesi$xSec. XXI.$0(OLS)http://pul/subject/39301 740 02$aLo Spirito e la Chiesa. 740 02$aGesù è il Signore, il figlio di Dio, il Salvatore. 740 02$aDio padre creatore :$buna proposta di catechesi con gli adulti. 850 $aPUL 852 $aPUL$W1$xSL Religione 3$y85$m268 MARGI 1.1$j200391$qDDC 21$B205194$CPULBib$Z2$F205194 $H136491 $82 852 $aPUL$W1$xSL Religione 3$y85$m268 MARGI 1.2$j200392$qDDC 21$B205195$CPULBib$Z2$F205195 $H136492 $82 852 $aPUL$W1$xSL Religione 3$y85$m268 MARGI 1.3$j200393$qDDC 21$B205196$CPULBib$Z2$F205196 $H136493 $82 941 1 $a9 996 $6020$a978-88-266-0330-8*(1. v)$9(OLS)http://pul/number/169417 996 $6020$a978-88-266-0767-2*(3.v.)$9(OLS)http://pul/number/169419 996 $6020$a978-88-266-0519-7*(2.v.)$9(OLS)http://pul/number/169418 996 $6082$a268$9(OLS)http://pul/classification/662 996 $6245$aIl credo nel mondo di oggi / $9(OLS)http://pul/title/217751 996 $6740$aLo Spirito e la Chiesa.$9(OLS)http://pul/title/217754 996 $6740$aGesù è il Signore, il figlio di Dio, il Salvatore.$9(OLS)http://pul/title/217753 996 $6740$aDio padre creatore :$buna proposta di catechesi con gli adulti.$9(OLS)http://pul/title/217752 996 $6260$aCittà del Vaticano :$bLibreria editrice vaticana$9(OLS)http://pul/publisher/47920